000 00524nam a22001812 4500
001 0000002894
005 20170406114602.0
008 140422s xx 000 0 eng d
020 _c$
040 _aYour Holding Symbol
_cYour Holding Symbol
100 1 _aUniversity for peace.
245 1 4 _aThe role of media in the rwandian genocide.
250 _a ed.
260 _aCosta rica :
_buniversirt for peace,
_c2005.
300 _a302 p. ;
_c cm.
650 0 _agenocide
_xmas media.
908 _a140422
999 _c2777
_d2777